[Event "Cordoba op"]
[Site "Cordoba"]
[Date "1994.??.??"]
[Round "1"]
[White "Barrios, Ramon"]
[Black "Urday, Henry"]
[Result "0-1"]
[WhiteElo "2130"]
[BlackElo "2470"]

1.e4 c5 2.Nf3 Nc6 3.Bb5 e6 4.Qe2 Nge7 5.c3 a6 6.Ba4 Ng6 7.Bxc6 bxc6 8.d4 cxd4
9.cxd4 a5 10.Nc3 Ba6 11.Qc2 Be7 12.Be3 O-O 13.Ne2 f5 14.exf5 Rxf5 15.Ng3 Bb4+
16.Nd2 Rd5 17.O-O-O c5 18.dxc5 Bd3 19.Qa4 Bxc5 20.Nb1 Rc8 21.Nc3 Bxe3+ 22.fxe3 Qb6
23.Rhe1 Rxc3+  0-1

[Event "Cordoba op"]
[Site "Cordoba"]
[Date "1994.??.??"]
[Round "6"]
[White "Damaso, Rui"]
[Black "Etchegaray, Patrice"]
[Result "1/2-1/2"]
[WhiteElo "2420"]
[BlackElo "2350"]

1.e4 c5 2.Nf3 Nc6 3.Bb5 e6 4.Bxc6 bxc6 5.b3 f6 6.O-O Nh6 7.d4 Nf7 8.Ba3 cxd4
9.Bxf8 Kxf8 10.Nxd4 Bb7 11.b4 a5 12.c3 Qe7 13.Nb3 axb4 14.cxb4 Ba6 15.Re1 Qxb4
16.Re3 Qe7 17.Nc3 g6 18.f4 Kg7 19.e5 f5 20.Qd4 Rhb8 21.Nc5 Bc8 22.N3a4 Ra5
23.Rb3 Rab5 24.Nc3 Rxb3 25.axb3 Qd8 26.Ra7 Qb6 27.N3a4 Qb4 28.Qxb4 Rxb4 29.Ra8 Rxf4
30.Rxc8 Nxe5 31.Rc7 Kf6 32.Nxd7+ Nxd7 33.Rxd7 Rb4 34.Rd3 e5 35.Nc5 e4 36.Rd6+ Ke5
37.Rxc6 Kd5 38.Rc7 h6 39.Kf2  1/2-1/2

[Event "CZE-ch"]
[Site "?"]
[Date "1994.??.??"]
[Round "1"]
[White "Votava, Jan"]
[Black "Pisk, Petr"]
[Result "1/2-1/2"]
[WhiteElo "2410"]
[BlackElo "2260"]

1.e4 c5 2.Nf3 Nc6 3.Bb5 g6 4.Bxc6 dxc6 5.h3 Bg7 6.d3 e5 7.Nc3 f6 8.Be3 b6
9.Qd2 Be6 10.O-O-O Qc7 11.Kb1 O-O-O 12.Ne2 Kb7 13.Qc3 Nh6 14.Nd2 Nf7 15.a4 Nd6
16.f3 Rd7 17.Nc1 Ka8 18.Nc4 f5 19.Nxd6 Rxd6 20.Qe1 f4 21.Bf2 c4 22.Qc3 Rhd8
23.Rd2 g5 24.Rhd1 Qd7 25.Be1 cxd3 26.Rxd3 Rd4 27.Ne2 c5 28.Nxd4 exd4 29.Qd2 Qxa4
30.Ra3 Qc6 31.Bf2 Rd7 32.Ra1 Qb5 33.Qd3 c4 34.Qa3 c3  1/2-1/2

[Event "CZE-ch"]
[Site "?"]
[Date "1994.??.??"]
[Round "3"]
[White "Kucera, Petr"]
[Black "Suran, Jan"]
[Result "1-0"]
[WhiteElo "2325"]
[BlackElo "2180"]

1.e4 c5 2.Nf3 Nc6 3.Bb5 g6 4.Bxc6 dxc6 5.d3 Bg7 6.O-O e5 7.Be3 Qe7 8.Nbd2 Nh6
9.h3 f6 10.c3 Nf7 11.d4 cxd4 12.cxd4 O-O 13.Re1 b6 14.a4 exd4 15.Bxd4 c5
16.Bc3 Be6 17.Qe2 Rab8 18.Nh2 Nd8 19.f4 Nc6 20.Ndf3 Rbd8 21.Qf2 Rd7 22.Ng4 Bxg4
23.hxg4 Rfd8 24.Qe2 Qe6 25.f5 Qf7 26.Red1 gxf5 27.Rxd7 Qxd7 28.Qc4+ Qf7 29.Qxf7+ Kxf7
30.gxf5 Bf8 31.Kf2 Bd6 32.Rh1 Kg7 33.Ng5 Rh8 34.Rd1 Nd4 35.Ne6+ Kf7 36.Nxd4 cxd4
37.Bxd4 Rd8 38.Bc3 Rd7 39.Kf3 Ke7 40.Rh1  1-0

[Event "CZE-ch"]
[Site "?"]
[Date "1994.??.??"]
[Round "7"]
[White "Pacl, Vaclav"]
[Black "Trapl, Jindrich"]
[Result "1/2-1/2"]
[WhiteElo "2300"]
[BlackElo "2375"]

1.e4 c5 2.Nf3 Nc6 3.Bb5 g6 4.O-O Bg7 5.Re1 Nf6 6.c3 O-O 7.h3 Ne8 8.d4 cxd4
9.cxd4 Qb6 10.Bxc6 bxc6 11.Nc3 d6 12.b3 Nc7 13.Be3 Qa5 14.Rc1 f5 15.exf5 Rxf5
16.Bd2  1/2-1/2

[Event "CZE-chT"]
[Site "?"]
[Date "1994.??.??"]
[Round "?"]
[White "Gross, Stefan"]
[Black "Vokac, Marek"]
[Result "1/2-1/2"]
[WhiteElo "2370"]
[BlackElo "2485"]

1.e4 c5 2.Nf3 Nc6 3.Bb5 g6 4.Bxc6 bxc6 5.d3 Bg7 6.Nc3 d6 7.O-O Rb8 8.Qe1 e5
9.a3 Nf6 10.b4 cxb4 11.axb4 O-O 12.Rxa7 Rxb4 13.Bg5 Rb8 14.Qa1 h6 15.Bh4 g5
16.Bg3 Nh5 17.Qa5 Qxa5 18.Rxa5 Rb2 19.Rc1 f5 20.exf5 Bxf5 21.Ra6 Nxg3 22.hxg3 Rc8
23.Ne4 Bxe4 24.dxe4 d5 25.Kf1 Rb4 26.Re1 d4 27.Rea1 c5 28.Ra8 Rbb8 29.Rxb8 Rxb8
30.Ra4 g4 31.Nd2 Rb2 32.Rc4 Bf8 33.Ke2 Kf7 34.Nb3 Ke6 35.Kd2 Rb1 36.Nxc5+ Bxc5
37.Rxc5 Kd6 38.Rd5+ Ke6 39.Ra5 Rf1 40.Ra6+ Ke7 41.Ke2  1/2-1/2

[Event "CZE-chT"]
[Site "?"]
[Date "1994.??.??"]
[Round "?"]
[White "Jansa, Vlastimil"]
[Black "Nun, Jiri"]
[Result "1-0"]
[WhiteElo "2515"]
[BlackElo "2420"]

1.e4 c5 2.Nf3 Nc6 3.Bb5 e6 4.O-O Nge7 5.b3 Ng6 6.Bb2 f6 7.d4 cxd4 8.Nxd4 Nxd4
9.Qxd4 Qc7 10.Nc3 Bc5 11.Qd2 a6 12.Bd3 O-O 13.Kh1 b5 14.f4 Bb7 15.Rf3 e5
16.f5 Ne7 17.a4 b4 18.Bc4+ Kh8 19.Nd5 Nxd5 20.Bxd5 Bxd5 21.Qxd5 d6 22.Rd1 Rac8
23.h3 Qc6 24.Qxc6 Rxc6 25.Rfd3 Rb8 26.g4 Kg8 27.Rc1 Kf7 28.Kg2 h5 29.gxh5 Rh8
30.c3 bxc3 31.Rcxc3 Rxh5 32.Bc1 Rb6 33.Be3 Bxe3 34.Rxe3 Rg5+ 35.Rg3 Rxg3+
36.Kxg3 Rb7 37.Kg4 a5 38.Kh5 Rd7 39.Rd3 Ke7 40.Kg6 Kf8 41.h4 Ke8 42.h5 Kf8
43.Rd5  1-0

[Event "CZE-chT"]
[Site "?"]
[Date "1994.??.??"]
[Round "?"]
[White "Ambroz, Jan"]
[Black "Vokac, Marek"]
[Result "1-0"]
[WhiteElo "2420"]
[BlackElo "2485"]

1.e4 c5 2.Nf3 Nc6 3.Bb5 g6 4.O-O Bg7 5.Bxc6 bxc6 6.Re1 e5 7.b4 cxb4 8.a3 Ne7
9.Bb2 d6 10.d4 bxa3 11.Nxa3 O-O 12.dxe5 d5 13.exd5 cxd5 14.c4 dxc4 15.Nxc4 Qxd1
16.Rexd1 Bg4 17.Rd3 Rfc8 18.Ne3 Bxf3 19.gxf3 Nc6 20.f4 g5 21.Nf5 gxf4 22.Nxg7 Kxg7
23.Kh1 Kg6 24.Rd6+ Kf5 25.Re1 Rab8 26.Rf6+ Kg4 27.Bc1 Rb4 28.h3+ Kxh3 29.Rg1 h5
30.Rxf4 Rb3 31.Rg2  1-0

[Event "CZE-chT"]
[Site "?"]
[Date "1994.??.??"]
[Round "?"]
[White "Velicka, Petr"]
[Black "Beil, Zdenek"]
[Result "1-0"]
[WhiteElo "2415"]
[BlackElo "2355"]

1.e4 c5 2.Nf3 Nc6 3.Bb5 g6 4.Bxc6 dxc6 5.h3 Bg7 6.d3 Nf6 7.Nc3 O-O 8.Be3 b6
9.Qd2 Re8 10.Bh6 Bh8 11.Ng5 Nh5 12.g4 Ng7 13.f4 f6 14.Nf3 e5 15.f5 Re7 16.O-O-O Ne8
17.Rhg1 Bg7 18.g5 Rc7 19.Nh4 Bxh6 20.gxh6 g5 21.Nf3 Kf8 22.h4 gxh4 23.Qg2 Rf7
24.Qg8+ Ke7 25.Nxh4 Nd6 26.Qxd8+ Kxd8 27.Rg8+ Kd7 28.Rdg1 Bb7 29.Rxa8 Bxa8
30.Rg8 Bb7 31.Ng6 Bc8 32.Rh8 Ne8 33.Nd1 Kd8 34.Ne3 Bd7 35.Nf8 Ke7 36.Nxh7 Nd6
37.Ng4 Ne8 38.Kd2 c4 39.dxc4 c5 40.Ke3 Bc6 41.Nhxf6 Nxf6 42.Nxe5 Bxe4 43.Nxf7 Kxf7
44.h7 Kg7 45.Rg8+ Kxh7 46.Rg6  1-0

[Event "DEN-chT 9495"]
[Site "?"]
[Date "1994.??.??"]
[Round "2"]
[White "Poulsen, Allan"]
[Black "Holst, Allan"]
[Result "1-0"]
[WhiteElo "2320"]
[BlackElo "2340"]

1.e4 c5 2.Nf3 Nc6 3.Bb5 e6 4.c3 Nge7 5.d4 cxd4 6.cxd4 d5 7.Nc3 a6 8.Bd3 dxe4
9.Bxe4 h6 10.O-O g6 11.Be3 Bg7 12.Qd2 Nd5 13.Rad1 Nce7 14.Rfe1 b6 15.Nxd5 Nxd5
16.Ne5 Bb7 17.Rc1 Rc8 18.Rxc8 Qxc8 19.Rc1 Qb8 20.Bxd5 Bxd5 21.Qc2 Bxe5 22.dxe5 Kf8
23.Qd2 Kg7 24.Qd4 Qd8 25.a3 b5 26.h4 g5 27.Qg4 h5 28.Qxg5+ Qxg5 29.Bxg5 Bc4
30.Bf6+ Kh7 31.Bxh8 Kxh8 32.Rc3 Kh7 33.Rg3  1-0

[Event "Djakovo op"]
[Site "Djakovo"]
[Date "1994.??.??"]
[Round "5"]
[White "Yandemirov, Valeri"]
[Black "Lisenko, Alexander V"]
[Result "1-0"]
[WhiteElo "2510"]
[BlackElo "2415"]

1.e4 c5 2.Nf3 Nc6 3.Bb5 Na5 4.c3 a6 5.Ba4 c4 6.O-O g6 7.d4 cxd3 8.Qxd3 Bg7
9.Be3 b5 10.Bd4 Nf6 11.e5 Nh5 12.Bb3 Nxb3 13.axb3 Bb7 14.Qe3 f5 15.exf6 Nxf6
16.Re1 Bxf3 17.Qxf3 O-O 18.Qb7 e6 19.Nd2 Qc8 20.Qxc8 Rfxc8 21.Ra5 Nd5 22.Bxg7 Kxg7
23.Rea1 Nc7 24.Ne4 b4 25.c4 d5 26.Nc5 Kf7 27.Kf1 Rab8 28.Nd3 Kf6 29.R1a4 dxc4
30.bxc4 b3 31.Nc5 Rd8 32.Ke2 Rd4 33.Ke3 Rd1 34.Ra1 Rdd8 35.Nxa6 Nxa6 36.Rxa6 Rdc8
37.Kd3 Rb4 38.Rc1 Kf5 39.Rc3 e5 40.f3 Rd8+ 41.Ke2 Rd4 42.Rc6 h5 43.c5 Rbc4
44.Rb6 Rxc3 45.bxc3 Rc4 46.Rxb3 Rxc5 47.Kd3 Rd5+ 48.Kc2 e4 49.fxe4+ Kxe4
50.c4 Rf5 51.Kc3 Rf1 52.Rb2 Ke5 53.Rd2 g5 54.Kb4 Rb1+ 55.Ka5  1-0

[Event "Djakovo op"]
[Site "Djakovo"]
[Date "1994.??.??"]
[Round "6"]
[White "Vadla, Zeljko"]
[Black "Lisenko, Alexander V"]
[Result "0-1"]
[WhiteElo "2245"]
[BlackElo "2415"]

1.e4 c5 2.Nf3 Nc6 3.Bb5 g6 4.c3 Nf6 5.Qe2 Bg7 6.O-O O-O 7.h3 Qb6 8.Ba4 d6
9.d3 Bd7 10.Bc2 e5 11.Nbd2 Qc7 12.Nc4 d5 13.Ne3 d4 14.Nd5 Nxd5 15.exd5 Ne7
16.Bb3 Qd6 17.c4 Rae8 18.Ng5 f5 19.f4 h6 20.fxe5 Bxe5 21.Nf3 Nxd5 22.Nxe5 Rxe5
23.Qxe5 Qxe5 24.cxd5 g5 25.a4 Re8 26.Bc4 Kg7 27.b3 Qd6 28.Bd2 Re2 29.Rf2 Rxf2
30.Kxf2 Be8 31.h4 f4 32.hxg5 hxg5 33.Rg1 Bf7 34.g3 f3 35.Bxg5 Qe5  0-1

[Event "Djakovo op"]
[Site "Djakovo"]
[Date "1994.??.??"]
[Round "8"]
[White "Kalegin, Evgenij"]
[Black "Martic, Zlatko"]
[Result "1-0"]
[WhiteElo "2445"]
[BlackElo "2265"]

1.e4 c5 2.Nf3 Nc6 3.Bb5 e6 4.O-O Nge7 5.Nc3 Na5 6.d4 cxd4 7.Nxd4 a6 8.Bd3 d6
9.f4 Bd7 10.Kh1 Qc7 11.Qf3 Nac6 12.Be3 Nxd4 13.Bxd4 Nc6 14.Be3 Be7 15.Qg3 O-O
16.Rf3 Kh8 17.Raf1 Rae8 18.a3 b5 19.Qh3 b4 20.e5 g6 21.Qh6 Rg8 22.Ne4 Rg7
23.exd6 Bxd6 24.Nf6 Be7 25.Nxe8 Bxe8 26.axb4 Nxb4 27.Bd4 f6 28.Re1 Bc6 29.Rg3 Kg8
30.c3 Nxd3 31.Rxd3 Bd5 32.Rd2 Qc6 33.Qh3 g5 34.f5 e5 35.Be3 g4 36.Qg3 h5
37.Kg1 Be4 38.Rf1 Bc5 39.Bxc5 Qxc5+ 40.Kh1 Rg5 41.Qe1 Bxf5 42.Qd1 Kg7 43.Rd8 Qc4
44.b3 Qf7 45.c4 h4 46.Rxf5 Rxf5 47.Qxg4+ Rg5 48.Qxh4 Qh5 49.Qe4 Qg4 50.Qb7+ Kg6
51.Rg8+ Kf5 52.Qd7+  1-0

[Event "Dresden op"]
[Site "Dresden"]
[Date "1994.??.??"]
[Round "?"]
[White "Maiwald, Jens Uwe"]
[Black "Schlosser, Philipp"]
[Result "1/2-1/2"]
[WhiteElo "2445"]
[BlackElo "2510"]

1.e4 c5 2.Nf3 Nc6 3.Bb5 d6 4.O-O Bd7 5.Re1 Nf6 6.c3 a6 7.Bf1 Bg4 8.d3 g6
9.Nbd2 Bg7 10.h3 Bxf3 11.Nxf3 O-O 12.a4 Nd7 13.Bg5 Re8 14.g3 b5 15.d4 b4
16.Bc4 bxc3 17.bxc3 cxd4 18.cxd4 Nb6 19.Bb3 Na5 20.Rb1 Nbc4 21.Bxc4 Nxc4
22.Qb3 d5 23.exd5 Nd6 24.Ne5 Qc8 25.Nc6 Qxh3 26.Bxe7 Qd7 27.Nb8 Raxb8 28.Qxb8 Rxb8
29.Rxb8+ Nc8 30.d6 Bxd4 31.Rc1 Bxf2+ 32.Kg2 Kg7 33.Rbxc8 Bd4 34.Bf8+ Kf6
35.Rf1+ Kg5 36.Rc7 Qg4 37.Rf4 Qe2+ 38.Kh3 Qe6+ 39.Kg2 Qe2+ 40.Kh3 Bg1 41.Be7+ Kh6
42.Bf8+ Kg5  1/2-1/2

[Event "Dresden op"]
[Site "Dresden"]
[Date "1994.??.??"]
[Round "?"]
[White "Mainka, Romuald"]
[Black "Kalinitschew, Sergey"]
[Result "1/2-1/2"]
[WhiteElo "2485"]
[BlackElo "2485"]

1.e4 c5 2.Nf3 Nc6 3.Bb5 e6 4.O-O Nge7 5.b3 Ng6 6.Bb2 f6 7.Re1 Be7 8.c3 a6
9.Bf1 Nce5 10.d4 Nxf3+ 11.Qxf3 O-O 12.Nd2 b6 13.Rad1 Qc7 14.Qg3 Bd6 15.Qh3 b5
16.d5 Be5 17.dxe6 dxe6 18.Nf3 Nf4 19.Qh4 Ng6 20.Qh3 Nf4 21.Qh4 Ng6 22.Qh3  1/2-1/2

[Event "Eger"]
[Site "Eger"]
[Date "1994.??.??"]
[Round "3"]
[White "Kiss, Pal"]
[Black "Keller, Wolfgang"]
[Result "1-0"]
[WhiteElo "2445"]
[BlackElo "2225"]

1.e4 c5 2.Nf3 Nc6 3.Bb5 g6 4.O-O Bg7 5.c3 Nf6 6.Re1 O-O 7.d4 d5 8.e5 Ne4
9.Ng5 cxd4 10.cxd4 f6 11.Nxe4 dxe4 12.Bxc6 bxc6 13.exf6 exf6 14.Rxe4 f5 15.Re1 f4
16.Bd2 f3 17.Bb4 Rf7 18.g3 Ba6 19.Nc3 Bxd4 20.Ne4 Be2 21.Qc2 Qd5 22.Bc3 Qf5
23.Bxd4 Qh3  1-0

[Event "Eger"]
[Site "Eger"]
[Date "1994.??.??"]
[Round "5"]
[White "Keller, Wolfgang"]
[Black "Varga, Peter"]
[Result "0-1"]
[WhiteElo "2225"]
[BlackElo "2405"]

1.e4 c5 2.Nf3 Nc6 3.Bb5 d6 4.d4 cxd4 5.Qxd4 Bd7 6.Bxc6 Bxc6 7.Nc3 Nf6 8.Bg5 e6
9.O-O-O Be7 10.Rhe1 O-O 11.Qd2 Qc7 12.Nd4 Rfd8 13.f3 a6 14.Kb1 b5 15.g4 Bb7
16.h4 Rac8 17.Nce2 e5 18.Nf5 d5 19.Nxe7+ Qxe7 20.exd5 Rxd5 21.Qe3 Rxd1+ 22.Rxd1 Qc7
23.Rd2 Nd5 24.Qa7 Nb4 25.Nc3 f6 26.Be3 Bxf3 27.Qxc7 Rxc7 28.a3 Nc6 29.Rd6 Kf7
30.g5 Kg6 31.h5+ Kf5 32.gxf6 gxf6 33.h6 Rf7 34.b4 Kg4 35.Kc1 f5 36.Nd1 f4
37.Nf2+ Kf5 38.Bc5 Rf6 39.Rxf6+ Kxf6 40.Bd6 Ke6 41.Bc7 Kd5 42.Kd2 Be4 43.Ng4 Bf5
44.Nf2 Nd4 45.Nd3 Bxd3 46.cxd3 Nf5  0-1

[Event "Elenite-B"]
[Site "Elenite"]
[Date "1994.??.??"]
[Round "5"]
[White "Prie, Eric"]
[Black "Manolov, Ivan"]
[Result "1-0"]
[WhiteElo "2475"]
[BlackElo "2345"]

1.e4 c5 2.Nf3 Nc6 3.Bb5 e6 4.Bxc6 bxc6 5.b3 f6 6.O-O d6 7.c3 g6 8.d4 cxd4
9.cxd4 Bg7 10.e5 dxe5 11.dxe5 Ba6 12.Qxd8+ Rxd8 13.Re1 f5 14.Be3 Rd7 15.Nc3 h6
16.Na4 Bc8 17.Rac1 Ne7 18.Bc5 g5 19.Bd6 Ng6 20.Nc5 Rd8 21.Rc4 Bf8 22.Bxf8 Nxf8
23.Nd4 Rh7 24.Nxc6 Rd2 25.Rd4 Rxd4 26.Nxd4 Rc7 27.b4 Bd7 28.g3 Ke7 29.Rd1 Be8
30.f4 Rc8 31.Kf2 gxf4 32.gxf4 a5 33.a3 axb4 34.axb4 Ra8 35.Rd2 Ra3 36.Rb2 Rh3
37.Kg2 Ra3 38.Rb3 Ra2+ 39.Kg3 Rd2 40.Nf3 Rc2 41.Ra3 Rc4 42.Ra7+ Bd7 43.Rb7 Kd8
44.Rb8+ Ke7 45.Rxf8 Kxf8 46.Nxd7+ Kf7 47.b5 Rb4 48.Nc5 Rc4 49.Nb7 Rb4 50.Nd6+ Ke7
51.b6 Kd7 52.b7 Kc7 53.Nd4  1-0

[Event "RUS-ch (Women)"]
[Site "Elista"]
[Date "1994.??.??"]
[Round "?"]
[White "Kovalevskaya, Ekaterina"]
[Black "Strutinskaya, Galina N"]
[Result "1-0"]
[WhiteElo "2305"]
[BlackElo "2260"]

1.e4 c5 2.Nf3 Nc6 3.Bb5 e6 4.O-O Nge7 5.c4 a6 6.Ba4 e5 7.b4 Ng6 8.Bb2 Nd4
9.bxc5 Nxf3+ 10.Qxf3 Bxc5 11.Nc3 O-O 12.Nd5 Qa5 13.Bb3 Qxd2 14.Bc1 Qa5 15.Qg3 Qd8
16.Bg5 f6 17.Be3 d6 18.Rad1 Be6 19.Bxc5 dxc5 20.h4 Bxd5 21.Rxd5 Qe7 22.Qe3 b6
23.g3 Rfc8 24.Rfd1 Nf8 25.Qd3 Rab8 26.Ba4 Rc7 27.Rd6 Kh8 28.Qd5 h6 29.Rb1 Rcb7
30.Bc6 Rc7 31.Ba4 Rcb7 32.Bc6 Ra7 33.a4 a5 34.Bb5 g6 35.Rd1 Kg7 36.Rd3 Qf7
37.Bc6 Qxd5 38.Bxd5 Rd7 39.Rc6 Re7 40.Rb3 Nd7 41.Rc7 Rbe8 42.Rb7 f5 43.exf5 gxf5
44.Bc6 Nf6 45.R3xb6  1-0

[Event "RUS-ch (Women)"]
[Site "Elista"]
[Date "1994.??.??"]
[Round "?"]
[White "Kulish, Irina"]
[Black "Kovalevskaya, Ekaterina"]
[Result "1-0"]
[WhiteElo "2235"]
[BlackElo "2305"]

1.e4 c5 2.Nf3 Nc6 3.Bb5 e6 4.O-O Nge7 5.b3 a6 6.Bxc6 Nxc6 7.Bb2 b5 8.a4 Bb7
9.axb5 axb5 10.Nc3 b4 11.Ne2 d5 12.exd5 Qxd5 13.Rxa8+ Bxa8 14.Re1 Bd6 15.Qa1 Bb7
16.Bxg7 Rg8 17.Ng3 Bxg3 18.hxg3 h5 19.d3 Qf5 20.Bb2 Ke7 21.Qc1 Ra8 22.Nh4 Qd5
23.Qf4 Nd4 24.Bxd4 cxd4 25.Re5 Qc6 26.Qxd4 Qxc2 27.Nf5+ Kf8 28.Qxb4+ Kg8
29.Ne7+ Kg7 30.Qd4 Kf8 31.Ng6+ fxg6 32.Qd6+ Kg7 33.Qe7+ Kh6 34.Qg5+ Kh7 35.Rxe6 Rg8
36.Re7+ Rg7 37.Rxg7+ Kxg7 38.Qe7+ Kh6 39.Qxb7 Qxd3 40.b4 Qc3 41.Qb6 Qc1+
42.Kh2 Qb2 43.b5  1-0

[Event "RUS-ch"]
[Site "Elista"]
[Date "1994.??.??"]
[Round "1"]
[White "Solozhenkin, Evgeniy"]
[Black "Sveshnikov, Evgeny"]
[Result "1/2-1/2"]
[WhiteElo "2505"]
[BlackElo "2585"]

1.e4 c5 2.Nf3 Nc6 3.Bb5 e6 4.O-O Nge7 5.Re1 Nd4 6.Nxd4 cxd4 7.c3 a6 8.Ba4 Nc6
9.d3 b5 10.Bb3 Bc5 11.Nd2 O-O 12.Nf3 d6 13.Bd2 Qb6 14.Re2 Bd7 15.Rc1 a5 16.c4 a4
17.cxb5 axb3 18.bxc6 Bxc6 19.axb3 Qb7 20.b4 Bb6 21.Bf4 e5 22.Bg3 Ba4 23.Qd2 Bd8
24.Nh4 Bxh4 25.Bxh4 f6 26.f4 Rfc8 27.Ree1 Bb5 28.fxe5 dxe5 29.Rc5 Qa6 30.Rd1 Rc6
31.Be1 Rac8 32.Qc2 Ba4 33.b3 Bb5 34.h3 Qa3 35.Rc4 f5 36.Rxc6 Rxc6 37.Qe2 f4
38.Qh5 Re6 39.Qg4 Re8 40.Kh2 Qxb3 41.Rc1 Qe6 42.Qd1 Rf8 43.Rc5 f3 44.Qd2 Qa6
45.gxf3 Rxf3 46.Qg2 Rf6 47.Rxe5 Bxd3 48.Ra5 Qc6 49.Qa2+ Bc4 50.Ra8+ Kf7 51.Ra7+ Ke6
52.Qg2 Qd6+ 53.Bg3 Qxb4 54.e5 Qb6 55.exf6 Qxa7 56.Qc6+ Kf7 57.Qxc4+ Kxf6
58.Bh4+ Ke5 59.Qe2+ Kd5 60.Qh5+ Kc4 61.Qxh7 d3 62.Qg8+ Kc3 63.Qc8+ Kb2 64.Bg3  1/2-1/2

[Event "RUS-ch"]
[Site "Elista"]
[Date "1994.??.??"]
[Round "1"]
[White "Yandemirov, Valeri"]
[Black "Kiselev, Sergey"]
[Result "1/2-1/2"]
[WhiteElo "2535"]
[BlackElo "2460"]

1.e4 c5 2.Nf3 Nc6 3.Bb5 g6 4.O-O Bg7 5.c3 Nf6 6.Re1 O-O 7.e5 Nd5 8.d4 cxd4
9.cxd4 Nc7 10.Ba4 d6 11.Bxc6 bxc6 12.Nc3 Bg4 13.h3 Bxf3 14.Qxf3 Ne6 15.Be3 dxe5
16.dxe5 Qc7 17.Rac1 Rfc8 18.Nb5 Qa5 19.Nd4 Nxd4 20.Bxd4 Qxa2 21.Rxc6 Rxc6
22.Qxc6 Rd8 23.Bc3 Qd5 24.Qc7 Qd7 25.Qa5 Rc8 26.Ra1 Rc7 27.Qa4 Qxa4 28.Rxa4 f6
29.Bd4 fxe5 30.Bxa7 e4 31.b3 Kf7 32.Be3 Rb7 33.b4 Bc3 34.Ra3 Be5 35.Rb3 Rb5
36.Kf1 Ke6 37.Ke2 Kd5 38.Bd2 Bd4 39.Ra3 Kc4 40.Ra6 Rb7 41.Rc6+ Kd5 42.Rc8 e5
43.Ra8 Rf7  1/2-1/2

[Event "RUS-ch"]
[Site "Elista"]
[Date "1994.??.??"]
[Round "4"]
[White "Arkhipov, Sergey"]
[Black "Makarov, Marat"]
[Result "1/2-1/2"]
[WhiteElo "2495"]
[BlackElo "2525"]

1.e4 c5 2.Nf3 Nc6 3.Bb5 e6 4.O-O Nge7 5.Re1 Nd4 6.Bf1 Nec6 7.c3 Nxf3+ 8.Qxf3 Be7
9.d3 d6 10.Nd2 O-O 11.Qe2 b5 12.Nf3 b4 13.d4 bxc3 14.bxc3 cxd4 15.cxd4 d5
16.e5 a5 17.Be3 Ba6 18.Qd1 Bxf1 19.Rxf1 a4 20.Rb1 Qa5 21.Bg5 Bb4 22.Qd3 Rfc8
23.Be3 h6 24.Rfc1 Bf8 25.Bd2 Qa7 26.g4 Ne7 27.h4  1/2-1/2

[Event "RUS-ch"]
[Site "Elista"]
[Date "1994.??.??"]
[Round "6"]
[White "Bezgodov, Alexei"]
[Black "Beshukov, Sergei"]
[Result "1/2-1/2"]
[WhiteElo "2440"]
[BlackElo "2495"]

1.e4 c5 2.Nf3 Nc6 3.Bb5 e6 4.O-O Nge7 5.Re1 a6 6.Bxc6 Nxc6 7.d4 cxd4 8.Nxd4 d6
9.c4 Be7 10.Nc3 Bd7 11.Be3  1/2-1/2

[Event "RUS-ch"]
[Site "Elista"]
[Date "1994.??.??"]
[Round "8"]
[White "Arkhipov, Sergey"]
[Black "Yakovich, Yuri"]
[Result "1-0"]
[WhiteElo "2495"]
[BlackElo "2515"]

1.e4 c5 2.Nf3 Nc6 3.Bb5 g6 4.Bxc6 bxc6 5.O-O Bg7 6.Re1 Nh6 7.c3 O-O 8.h3 f6
9.d4 cxd4 10.cxd4 Nf7 11.Nc3 d6 12.b3 f5 13.Bb2 fxe4 14.Nxe4 Bd7 15.Rc1 Qa5
16.Bc3 Qd5 17.Rc2 Nh6 18.Neg5 Nf5 19.Rce2 c5 20.Rxe7 Nxe7 21.Rxe7 Bc6 22.Qd3 Rae8
23.Rxa7 Rf5 24.dxc5 Rxg5 25.Rxg7+ Kf8 26.Qxd5 Rxd5 27.cxd6 Rd3 28.Rc7 Rxc3
29.d7 Ra8 30.Ne5 Ke7 31.Nxc6+  1-0

[Event "MON"]
[Site "Erdenet"]
[Date "1994.??.??"]
[Round "?"]
[White "Ganbold, Odondoo"]
[Black "Hatanbaatar, Bazar"]
[Result "1/2-1/2"]
[WhiteElo "2325"]
[BlackElo "2280"]

1.e4 c5 2.Nf3 Nc6 3.Bb5 d6 4.O-O Bd7 5.Re1 a6 6.Bf1 Bg4 7.c3 Nf6 8.d3 e6
9.Nbd2 Be7 10.h3 Bh5 11.g4 Bg6 12.Nh4 Nd7 13.Nxg6 hxg6 14.Bg2 Nde5 15.Nf1 Bh4
16.d4 cxd4 17.cxd4 Qb6 18.Be3 Nc4 19.d5 Nxe3 20.Nxe3 Ne5 21.Re2 O-O 22.Qb3 Qxb3
23.axb3 f5 24.Rc2 fxg4 25.hxg4 exd5 26.Nxd5 Nf3+ 27.Bxf3 Rxf3 28.b4 Raf8
29.Rf1 Kh7 30.Kg2 Rb3 31.Re1 Rbf3 32.Rf1 Kg8 33.Ne3 Bg5 34.Nd5 Bh4 35.Re2 Rb3
36.Rh1 Bf6 37.Rh3 Rxh3 38.Kxh3 Bg5 39.Kg3 Bf6 40.Rc2 g5 41.f3 Be5+ 42.Kf2 Ra8
43.b3 b5 44.Ke3 a5 45.bxa5 Rxa5 46.Rc8+ Kh7 47.Rb8 Bh2 48.Rb7 Ra2 49.e5 Bxe5
50.Rxb5 Ra1 51.Ke2 Ra2+ 52.Kd3 Rf2 53.Ke3 Rb2 54.Rb7 Rb1 55.Ke2 Rb2+ 56.Kd3 Rb1
57.Ne3 Bf4 58.Nf5 Be5 59.Ne7 Bf6 60.Nf5 Rc1 61.Kd2 Rc3 62.Nxg7 Rxf3 63.Ne8+ Kg6
64.Rb6 Be5 65.Nxd6 Bxd6 66.Rxd6+ Kf7 67.Rd3 Rf4 68.Rg3 Ke6 69.Kc3 Kd5 70.Rd3+ Kc5
71.Rg3 Kb5 72.Rg1 Kc5 73.Kc2 Kb4 74.Ra1 Rf2+ 75.Kd3 Rf3+ 76.Kd2 Rxb3  1/2-1/2

[Event "MON"]
[Site "Erdenet"]
[Date "1994.??.??"]
[Round "?"]
[White "Ganbold, Odondoo"]
[Black "Jigjidsuren, Purev"]
[Result "1-0"]
[WhiteElo "2325"]
[BlackElo "2330"]

1.e4 c5 2.Nf3 Nc6 3.Bb5 g6 4.O-O Bg7 5.c3 e5 6.Re1 Nge7 7.Na3 O-O 8.d3 a6
9.Bxc6 dxc6 10.Be3 b6 11.Nc4 Bg4 12.h3 Bxf3 13.Qxf3 Rb8 14.Red1 Qd7 15.a4 a5
16.Qg3 Qe6 17.f4 f6 18.Rf1 Rfd8 19.fxe5 fxe5 20.Rad1 h6 21.Qg4 Qxg4 22.hxg4 g5
23.Kf2 Kf7 24.b4 axb4 25.cxb4 b5 26.Na5 cxb4 27.Bc5 bxa4 28.Ke2+ Ke6 29.Bxe7 Kxe7
30.Nxc6+ Ke6 31.Nxd8+ Rxd8 32.Rc1 Bf8 33.Rc6+ Bd6 34.Rb1 Rb8 35.Ra6 a3 36.Rb3 Kd7
37.d4 exd4 38.Kd3 Rc8 39.e5 Be7 40.Kxd4 Rc6 41.Ra8 Ke6 42.Rh3 Kd7 43.Ra7+ Ke8
44.Kd5 Rc5+ 45.Kd4 Rc6 46.Ra5 Rb6 47.Rb3 Kd7 48.Raxa3 Kc6 49.Ra5  1-0

[Event "Petrosian mem"]
[Site "Erevan"]
[Date "1994.??.??"]
[Round "?"]
[White "Yegiazarian, Arsen"]
[Black "Suetin, Alexey S"]
[Result "1-0"]
[WhiteElo "2400"]
[BlackElo "2385"]

1.e4 c5 2.Nf3 Nc6 3.Bb5 e6 4.O-O Nge7 5.Nc3 a6 6.Bxc6 Nxc6 7.d4 cxd4 8.Nxd4 Be7
9.Nxc6 bxc6 10.e5 Qc7 11.Bf4 c5 12.Qg4 g5 13.Bd2 Qxe5 14.Rae1 Qc7 15.Nd5 Qd6
16.Nxe7 Qxe7 17.Bxg5 Rg8 18.Qf3 Qxg5 19.Qxa8 Ke7 20.f4 Qf5 21.Rf2 d6 22.Rd1 c4
23.Qa7+ Bd7 24.Rxd6 Kxd6 25.Rd2+ Ke7 26.Rxd7+ Kf8 27.Rd8+ Kg7 28.Qd4+  1-0

[Event "Finkenstein op"]
[Site "Finkenstein"]
[Date "1994.??.??"]
[Round "?"]
[White "Hresc, Vladimir"]
[Black "Sveshnikov, Evgeny"]
[Result "0-1"]
[WhiteElo "2420"]
[BlackElo "2585"]

1.e4 c5 2.Nf3 Nc6 3.Bb5 e6 4.O-O Nge7 5.Nc3 Nd4 6.Re1 a6 7.Bf1 Nec6 8.Nd5 Bd6
9.Ne3 Qf6 10.Nxd4 cxd4 11.Nc4 Bc7 12.d3 O-O 13.Qh5 Qg6 14.Qxg6 hxg6 15.a4 d5
16.exd5 exd5 17.Na3 Ba5 18.Re2 Bg4 19.f3 Bd7 20.Bd2 Bxd2 21.Rxd2 Rfe8 22.Re2 Rac8
23.Rxe8+ Bxe8 24.Kf2 Nb4 25.b3 Bd7 26.Rc1 Bf5 27.Ke1 Bxd3 28.Kd2 Bxf1 29.Rxf1 Kf8
30.Re1 g5 31.h4 gxh4 32.Re5 Rc6 33.Rg5 Rh6 34.Rg4 Nc6 35.b4 Ne5 36.Rf4 Rg6
37.Rxh4 Rxg2+ 38.Kd1 g5 39.Rxd4 Nxf3 40.Rxd5 Rg4 41.c3 Re4 42.Nc2 g4 43.Rd3 f5
44.Rd5 f4 45.Rd8+ Kf7 46.Rd7+ Kf6 47.Rxb7 g3 48.Rb6+ Kf5  0-1

[Event "FRA-chT "]
[Site "FRA"]
[Date "1994.??.??"]
[Round "?"]
[White "Boudre, Jean Pierre"]
[Black "Levacic, Damir"]
[Result "1-0"]
[WhiteElo "2390"]
[BlackElo "2330"]

1.e4 c5 2.Nf3 Nc6 3.Bb5 g6 4.Bxc6 dxc6 5.d3 Bg7 6.Nc3 e5 7.Be3 Qe7 8.h3 Nf6
9.Qd2 h6 10.a3 Nd7 11.O-O Nf8 12.b4 cxb4 13.axb4 b5 14.d4 exd4 15.Bxd4 Ne6
16.Bxg7 Nxg7 17.Nd4 Bb7 18.e5 Qxb4 19.Rfb1 Qe7 20.Ne4 Qxe5 21.Nf3 Qe7 22.Nd6+ Kf8
23.Re1 Ne6 24.Nd4 Kg8 25.Nxe6 fxe6 26.Nxb7 Qxb7 27.Rxe6 Rh7 28.Rxg6+ Rg7
29.Qxh6 a5 30.Ra3 Rxg6 31.Qxg6+  1-0

[Event "FRA-chT "]
[Site "FRA"]
[Date "1994.??.??"]
[Round "3"]
[White "Degraeve, Jean Marc"]
[Black "Pelletier, Yannick"]
[Result "1/2-1/2"]
[WhiteElo "2480"]
[BlackElo "2285"]

1.e4 c5 2.Nf3 Nc6 3.Bb5 d6 4.O-O Bg4 5.h3 Bh5 6.c3 Qb6 7.Ba4 Nf6 8.d3 e6
9.Nbd2 Qa6 10.Qb3 Rb8 11.Bb5 Qb6 12.e5 Bxf3 13.exf6 Bh5 14.Ne4 d5 15.Bf4 Rd8
16.Ng3 Bg6 17.Be5 Rg8 18.Rfe1 Bd6 19.Bxd6 Rxd6 20.fxg7 Rxg7 21.Rad1 Kf8 22.Bxc6 Qxb3
23.axb3 Rxc6 24.d4 Bc2 25.Ra1 cxd4 26.cxd4 a6 27.Re3 Ke7 28.b4 Rg8 29.Ra5 Kd6
30.b5 axb5 31.Rxb5 Kc7 32.Rc3 Rxc3 33.bxc3 Ra8 34.Rb2 Bd3 35.Rd2 Bg6 36.Rd1 Kc6
37.Nf1 Ra3 38.Rc1 b5 39.Ne3 Kb6 40.Ng4 Ka5 41.Kf1 Ka4 42.Ke2 Kb3 43.Ne5 Ra2+
44.Ke3 Bc2 45.Kd2 Be4+ 46.Ke3 Bc2 47.Kd2 Be4+ 48.Ke3 Bxg2 49.h4 Be4 50.Nxf7 Kb2
51.Kd2 Kb3+ 52.Ke3 Kb2 53.Kd2 Ra6 54.Ne5 Ra7 55.Rg1 Kb3 56.Rg3 Ra2+ 57.Ke1 Ra1+  1/2-1/2

[Event "FRA-chT "]
[Site "FRA"]
[Date "1994.??.??"]
[Round "4"]
[White "Lamorelle, Yves"]
[Black "Belkhodja, Slim"]
[Result "0-1"]
[WhiteElo "2260"]
[BlackElo "2390"]

1.e4 c5 2.Nf3 Nc6 3.Bb5 d6 4.d4 cxd4 5.Qxd4 Bd7 6.Bxc6 Bxc6 7.Nc3 Nf6 8.Bg5 e6
9.O-O-O Be7 10.Rhe1 O-O 11.e5 Bxf3 12.exf6 gxf6 13.Bh6 Bxd1 14.Rxd1 Kh8 15.Bxf8 Qxf8
16.Ne4 d5 17.Nxf6  0-1